00464nam a22001577a 4500003000400000082001800004100001800022245004700040260004400087300000700131650001700138653001700155942001200172952010500184999001700289SGT a617.643bC21S aSharma, Ankit aA comparative evaluation of Periodontal... aGurugram, HaryanabSGT Universityc2021 a80 aOrthodontics aOrthodontics 2ddccTH 00102ddc405171aFDbFDd2022-12-21l0o617.643 C21SpDT1366r2022-12-21 00:00:00w2022-12-21yTH c23587d23587